| LEADER | 00598nam a2200217Ia 4500 | ||
|---|---|---|---|
| 001 | CTU_87063 | ||
| 008 | 210402s9999 xx 000 0 und d | ||
| 020 | |c 18000 | ||
| 082 | |a 305.235 | ||
| 082 | |b I.26 | ||
| 100 | |a Ikeda, Daisaku | ||
| 245 | 0 | |a Con đường tuổi trẻ : | |
| 245 | 0 | |b Những lời khuyên dành cho tuổi trẻ thế kỷ 21 | |
| 245 | 0 | |c Daisaku Ikeda | |
| 260 | |a Tp. Hồ Chí Minh | ||
| 260 | |b Trẻ | ||
| 260 | |c 2005 | ||
| 650 | |a Youth | ||
| 650 | |x Eduction | ||
| 904 | |i Trúc | ||
| 980 | |a Trung tâm Học liệu Trường Đại học Cần Thơ | ||